000 00357nam a22001217a 4500
999 _c3631
_d3631
005 20201209112422.0
008 201209b ||||| |||| 00| 0 eng d
020 _a0199148406
040 _cCML
245 _aBeliefs, Questions and Issues.
_cWright C.
260 _aOxford
_bOxford University
_c2002
942 _2ddc
_cBK
_e1st Edition
_h291
_mWRI